Modern India / (Record no. 43997)

MARC details
000 -LEADER
fixed length control field 01781cam a22002531 4500
003 - CONTROL NUMBER IDENTIFIER
control field CUTN
005 - DATE AND TIME OF LATEST TRANSACTION
control field 20250204163501.0
008 - FIXED-LENGTH DATA ELEMENTS--GENERAL INFORMATION
fixed length control field 781108s1905 xx 000 0 eng
020 ## - INTERNATIONAL STANDARD BOOK NUMBER
International Standard Book Number 9789387826212
041 ## - LANGUAGE CODE
Language English
082 ## - DEWEY DECIMAL CLASSIFICATION NUMBER
Classification number 915.4
Item number CUR
100 1# - MAIN ENTRY--PERSONAL NAME
Personal name Curtis, William Eleroy,
245 10 - TITLE STATEMENT
Title Modern India /
Statement of responsibility, etc by William Eleroy Curtis.
260 ## - PUBLICATION, DISTRIBUTION, ETC. (IMPRINT)
Place of publication, distribution, etc Chennai :
Name of publisher, distributor, etc MJP Publishers,
Date of publication, distribution, etc 2023.
300 ## - PHYSICAL DESCRIPTION
Extent 310 p. :
Dimensions 23 cm.
505 ## - FORMATTED CONTENTS NOTE
Title Chapter I The Eye of India, Chapter 2 The City of Bombay, Chapter 3 Servants, Hotels, and Cave Temples, Chapter 4 The Empire of India, Chapter 5 Two Hindu Weddings, Chapter 6 The Religions of India, Chapter 7 How India is Governed, Chapter 8 The Railways of India, Chapter 9 The City of Ahmedabad, Chapter 10 Jeypore and its Maharaja, Chapter 11 About Snakes and Tigers, Chapter 12 The Rajputs and their Country, Chapter 13 The Ancient Mogul Empire, Chapter 14 The Architecture of the Moguls, Chapter 15 The Most Beautiful of Buildings, Chapter 16 The Quaint Old City of Delhi, Chapter 17 The Temples and Tombs of Delhi, Chapter 18 Thugs, Fakirs, and Nautch Dancers, Chapter 19 Simla and the Punjab, Chapter 20 Famines and their Antidotes, Chapter 21 The Frontier Question, Chapter 22 The Army in India, Chapter 23 Muttra, Aligarh, Lucknow, Cawnpore, Chapter 24 Caste and the Women of India, Chapter 25 Education in India, Chapter 26 The Himalayas and the Invasion of Thibet, Chapter 27 Benares, The Sacred City, Chapter 28 American Missions in India, Chapter 29 Cotton, Tea, and Opium, Chapter 30 Calcutta, The Capital of India.
650 ## - SUBJECT ADDED ENTRY--TOPICAL TERM
Topical term or geographic name as entry element Travel;
650 ## - SUBJECT ADDED ENTRY--TOPICAL TERM
Topical term or geographic name as entry element History;
650 ## - SUBJECT ADDED ENTRY--TOPICAL TERM
Topical term or geographic name as entry element Cultural Studies
942 ## - ADDED ENTRY ELEMENTS (KOHA)
Source of classification or shelving scheme Dewey Decimal Classification
Koha item type General Books
100 1# - MAIN ENTRY--PERSONAL NAME
Dates associated with a name 1850-1911.
651 #0 - SUBJECT ADDED ENTRY--GEOGRAPHIC NAME
Geographic name India.
906 ## - LOCAL DATA ELEMENT F, LDF (RLIN)
a 7
b cbc
c oclcrpl
d u
e ncip
f 19
g y-gencatlg
Holdings
Withdrawn status Lost status Source of classification or shelving scheme Damaged status Not for loan Collection code Home library Location Shelving location Date of Cataloging Total Checkouts Full call number Barcode Date last seen Price effective from Koha item type
    Dewey Decimal Classification     Non-fiction CUTN Central Library CUTN Central Library History & Geography 04/02/2025   915.4 CUR 51727 04/02/2025 04/02/2025 General Books